00591nam a2200169Ia 4500100002700000942000700027654001000034245003200044260002200076082001300098300000800111546001200119999001700131952009100148952009100239952009100330 aDeshpande/G.B. & S.G.  cRB afluid aTextbook of fluid mechanics bEverest Pubc1998 a532bDES a638 aENGLISH c23284d23284 001040708CRCaCRCEbCRCEd2023-03-17l0o532 DESp12503r2023-03-17w2023-03-17yRB 001040708CRCaCRCEbCRCEd2023-03-17l0o532 DESp12504r2023-03-17w2023-03-17yBK 001040708CRCaCRCEbCRCEd2023-03-17l0o532 DESp12505r2023-03-17w2023-03-17yBK